| 000 | 00914cam a22002411 4500 | ||
|---|---|---|---|
| 001 | e 29000090 | ||
| 003 | DLC | ||
| 005 | 20260227111218.0 | ||
| 008 | 811104s1928 paua s000 0 eng c | ||
| 010 | _ae 29000090 | ||
| 035 | _a(OCoLC)7905804 | ||
| 040 |
_aLibrary, U. S. Bur. of Education _cKWiU _dDLC |
||
| 042 | _apremarc | ||
| 050 | 0 | 0 |
_aLA356.D3 _bA5 1928 |
| 110 | 1 |
_aPennsylvania. _bDepartment of Public Instruction. |
|
| 245 | 1 | 2 |
_aA survey of the schools of Susquehanna Township, Dauphin County, Pennsylvania. _cCommonwealth of Pennsylvania, Department of public instruction, Harrisburg. |
| 260 |
_a[Harrisburg, _c1928] |
||
| 300 |
_a59 p. _billus., diagrs. _c23 cm. |
||
| 490 | 0 |
_aEducational monographs _v[v. 1, no. 7. July, 1928] |
|
| 500 | _aCover title. | ||
| 650 | 0 |
_aEducational surveys _zPennsylvania _zSusquehanna (Township) |
|
| 650 | 0 |
_aPublic schools _zPennsylvania _zSusquehanna (Township) |
|
| 999 |
_c20956 _d20956 |
||